[Event "11. Senioren Team Europameiste"]
[Site "Velden - Casino"]
[Date "2009.04.06"]
[Round "2"]
[Board "4"]
[White "Grabow, Pouelsten Holm"]
[Black "Fleuch, Hans-Juergen"]
[Result "1-0"]
[WhiteElo "2200"]
[BlackElo "2123"]
[PlyCount "78"]
[EventDate "2009.04.05"]
[EventType "team"]
[EventRounds "9"]
[EventCountry "AUT"]
[WhiteTeam "Danmark 1"]
[BlackTeam "Stiftung Bahn-Sozialwerk/DBAG I"]

1.c4 Nc6 2.Nc3 Nf6 3.Nf3 d5 4.cxd5 Nxd5 5.g3 Bg4 6.Bg2 e6 7.Qa4 Bxf3 8.Bxf3 Nde7
9.b3 Qd7 10.Ba3 Rd8 11.O-O-O Nd5 12.Bxf8 Kxf8 13.Nxd5 exd5 14.d4 Qe7 15.Qb5 Qb4
16.Qxb4+ Nxb4 17.Kb2 a5 18.Rc1 Na6 19.e4 c6 20.exd5 Nb4 21.dxc6 bxc6 22.Rhd1 Rd6
23.a3 Rf6 24.axb4 Rxf3 25.Rd2 axb4 26.Rxc6 Ke7 27.Rb6 h5 28.h4 f5 29.d5 f4
30.d6+ Kf7 31.Rxb4 g5 32.Rb7+ Kg6 33.d7 Rd8 34.Rb6+ Kf7 35.hxg5 fxg3 36.g6+ Kg7
37.fxg3 Rxg3 38.Re6 Rf3 39.Re7+ Kg8

[Event "11. Senioren Team Europameiste"]
[Site "Velden - Casino"]
[Date "2009.04.06"]
[Round "2"]
[Board "1"]
[White "Rodriguez Vargas, Orestes"]
[Black "Happel, Henk"]
[Result "1-0"]
[WhiteElo "2406"]
[BlackElo "2177"]
[PlyCount "71"]
[EventDate "2009.04.05"]
[EventType "team"]
[EventRounds "9"]
[EventCountry "AUT"]
[WhiteTeam "Catalonia"]
[BlackTeam "Koeniglicher Schachverein D.D."]

1.d4 Nf6 2.c4 c5 3.d5 e5 4.Nc3 d6 5.e4 Nbd7 6.g3 Be7 7.Bg2 a6 8.a4 Rb8 9.f4 O-O
10.Nf3 Ne8 11.O-O Bf6 12.Qd3 Nc7 13.Be3 Re8 14.Rf2 Nf8 15.Raf1 Ng6 16.f5 Nf8
17.h4 b5 18.b3 bxc4 19.bxc4 Bd7 20.Bh3 Rb4 21.Ra1 Qe7 22.Kh2 Na8 23.a5 Reb8
24.Raa2 h5 25.Rg2 Qe8 26.Raf2 Ba4 27.g4 hxg4 28.Rxg4 Rb2 29.Bd2 Nh7 30.Rfg2 Kh8
31.h5 Bc2 32.Qe3 Bb3 33.h6 gxh6 34.Qxh6 Qf8 35.Qh5 Qe7 36.Rg5

[Event "11. Senioren Team Europameiste"]
[Site "Velden - Casino"]
[Date "2009.04.06"]
[Round "2"]
[Board "3"]
[White "Buxade Roca, Guillermo"]
[Black "Lindner, Jan-Joost"]
[Result "1-0"]
[WhiteElo "2239"]
[BlackElo "2165"]
[PlyCount "20"]
[EventDate "2009.04.05"]
[EventType "team"]
[EventRounds "9"]
[EventCountry "AUT"]
[WhiteTeam "Catalonia"]
[BlackTeam "Koeniglicher Schachverein D.D."]

1.e4 e6 2.d3 b5 3.Nf3 Bb7 4.g3 c5 5.Bg2 Nf6 6.O-O Be7 7.a4 a6 8.Re1 d5 9.exd5
Nxd5 10.Ne5 Nc6 {and white wins at move 55!}

[Event "11. Senioren Team Europameiste"]
[Site "Velden - Casino"]
[Date "2009.04.06"]
[Round "2"]
[Board "4"]
[White "Vink, Wim"]
[Black "Coll Enriquez, Lluis"]
[Result "0-1"]
[WhiteElo "2014"]
[BlackElo "2145"]
[PlyCount "27"]
[EventDate "2009.04.05"]
[EventType "team"]
[EventRounds "9"]
[EventCountry "AUT"]
[WhiteTeam "Koeniglicher Schachverein D.D."]
[BlackTeam "Catalonia"]

1.d4 Nf6 2.Nf3 e6 3.c4 b6 4.g3 Bb7 5.Bg2 Bb4+ 6.Bd2 Qe7 7.O-O Bxd2 8.Nbxd2 d6
9.Qc2 O-O 10.Rad1 Nbd7 11.Kh1 c6 12.Qd3 e5 13.e3 e4 14.Nxe4 {unleserlich}

[Event "11. Senioren Team Europameiste"]
[Site "Velden - Casino"]
[Date "2009.04.06"]
[Round "2"]
[Board "1"]
[White "Sorensen, Bent"]
[Black "Opl, Klaus"]
[Result "0-1"]
[WhiteElo "2194"]
[BlackElo "2359"]
[PlyCount "92"]
[EventDate "2009.04.05"]
[EventType "team"]
[EventRounds "9"]
[EventCountry "AUT"]
[WhiteTeam "Danmark 2"]
[BlackTeam "Wien 1"]

1.Nf3 Nf6 2.g3 g6 3.Bg2 Bg7 4.O-O O-O 5.c4 d6 6.Nc3 Nc6 7.d3 Nh5 8.Ne1 f5 9.f4
e5 10.e3 Kh8 11.Nc2 Be6 12.Bd2 Qd7 13.b4 Rae8 14.b5 Nd8 15.Nb4 e4 16.Qa4 exd3
17.Nxd3 Qf7 18.Nb2 Nf6 19.Rac1 Nd7 20.Qb4 Nc5 21.Nca4 c6 22.Bc3 cxb5 23.Nxc5
dxc5 24.Qxb5 b6 25.Rfd1 Bc8 26.Rd3 Bxc3 27.Rcxc3 Qf6 28.a4 Nb7 29.Rc2 Nd6 30.Qc6
Re6 31.Qa8 Qe7 32.Rcd2 Ba6 33.Qf3 Bb7 34.Qd1 Rxe3 35.Kf2 Rxd3 36.Rxd3 Ne4+
37.Kg1 Qf6 38.Qc2 Rd8 39.Rxd8+ Qxd8 40.Nd3 Qd4+ 41.Kf1 Ba6 42.Ne5 Bxc4+ 43.Nxc4
Qxc4+ 44.Qxc4 Nd2+ 45.Ke2 Nxc4 46.Kd3 Nd6

[Event "11. Senioren Team Europameiste"]
[Site "Velden - Casino"]
[Date "2009.04.06"]
[Round "2"]
[Board "2"]
[White "Titz, Heimo"]
[Black "Nielsen, Poul Erik"]
[Result "1/2-1/2"]
[WhiteElo "2216"]
[BlackElo "2110"]
[PlyCount "112"]
[EventDate "2009.04.05"]
[EventType "team"]
[EventRounds "9"]
[EventCountry "AUT"]
[WhiteTeam "Wien 1"]
[BlackTeam "Danmark 2"]

1.c4 e5 2.Nc3 Nc6 3.g3 d6 4.Bg2 g6 5.Rb1 Bg7 6.b4 f5 7.b5 Nce7 8.e3 Nf6 9.Nge2
O-O 10.d3 Qe8 11.Qb3 Qf7 12.O-O Kh8 13.f4 Nd7 14.fxe5 Nxe5 15.Nd5 Nxd5 16.cxd5
Qe7 17.h3 Nd7 18.Bd2 a6 19.a4 axb5 20.axb5 b6 21.Qc2 Nf6 22.Rbc1 Ra7 23.Rf4 Qe5
24.e4 Bh6 25.Rf2 Bxd2 26.Qxd2 Bd7 27.exf5 Nxd5 28.fxg6 Rxf2 29.Kxf2 Ne7 30.gxh7
Kxh7 31.Rc4 Bxb5 32.Rh4+ Kg8 33.Rg4+ Kf7 34.Re4 Qg7 35.Qe3 c5 36.Rf4+ Ke8 37.Rg4
Qf6+ 38.Rf4 Qg7 39.Qe6 Qe5 40.Qf7+ Kd8 41.Be4 Be8 42.Qb3 b5 43.Rf8 c4 44.dxc4
Qxe4 45.Qxb5 Qc6 46.Nc3 Rc7 47.Ke3 Qc5+ 48.Qxc5 Rxc5 49.Ne4 Re5 50.Kd3 Ng6
51.Rg8 Ke7 52.Rg7+ Kf8 53.Rc7 d5 54.cxd5 Rxd5+ 55.Ke3 Bb5 56.Rc5 Rxc5

[Event "11. Senioren Team Europameiste"]
[Site "Velden - Casino"]
[Date "2009.04.06"]
[Round "2"]
[Board "3"]
[White "Olesen, Poul Erik Norgaard"]
[Black "Dueckstein, Andreas"]
[Result "0-1"]
[WhiteElo "2039"]
[BlackElo "2235"]
[PlyCount "62"]
[EventDate "2009.04.05"]
[EventType "team"]
[EventRounds "9"]
[EventCountry "AUT"]
[WhiteTeam "Danmark 2"]
[BlackTeam "Wien 1"]

1.e4 e6 2.d4 d5 3.Nc3 Bb4 4.Bd2 dxe4 5.Qg4 Nf6 6.Qxg7 Rg8 7.Qh6 b6 8.O-O-O Bb7
9.Bb5+ c6 10.Be2 Nbd7 11.Nh3 Qe7 12.Ng5 Bxc3 13.bxc3 O-O-O 14.Kb1 c5 15.f3 cxd4
16.cxd4 Rg6 17.Qh5 e3 18.Be1 Rdg8 19.Ne4 Rxg2 20.Bd3 Bxe4 21.fxe4 e2 22.Ba6+ Kd8
23.Rd3 R8g4 24.Qh6 Nxe4 25.Re3 Nf2 26.Bxf2 Rxf2 27.Bxe2 Rgg2 28.Bd1 Qb4+ 29.Kc1
Qxd4 30.Kb1 Rd2 31.Bf3 Rg6

[Event "11. Senioren Team Europameiste"]
[Site "Velden - Casino"]
[Date "2009.04.06"]
[Round "2"]
[Board "4"]
[White "Strauss, Anton"]
[Black "Preuss, Flemming"]
[Result "0-1"]
[WhiteElo "2205"]
[BlackElo "2034"]
[PlyCount "111"]
[EventDate "2009.04.05"]
[EventType "team"]
[EventRounds "9"]
[EventCountry "AUT"]
[WhiteTeam "Wien 1"]
[BlackTeam "Danmark 2"]

1.c4 f5 2.Nc3 Nf6 3.g3 d6 4.Bg2 g6 5.e3 Bg7 6.Nge2 O-O 7.d4 e5 8.b3 c6 9.Ba3 e4
10.O-O Re8 11.d5 c5 12.b4 b6 13.Rb1 Nbd7 14.Nf4 Ne5 15.Qe2 g5 16.Ne6 Bxe6
17.dxe6 Rxe6 18.Rfd1 Qe7 19.f4 exf3 20.Bxf3 Nxf3+ 21.Qxf3 Re8 22.Qxf5 Rxe3
23.Nd5 Nxd5 24.Qxd5+ Kh8 25.Bb2 Re2 26.Bxg7+ Kxg7 27.bxc5 Qe3+ 28.Kh1 dxc5
29.Rf1 Qe4+ 30.Qxe4 R8xe4 31.Rbd1 Rd4 32.Rxd4 cxd4 33.Rd1 Rxa2 34.Rxd4 h5 35.Rd5
Kf6 36.c5 Ra5 37.Rd6+ Ke5 38.Rh6 Rxc5 39.Rxh5 Kf5 40.Rh7 a5 41.Ra7 Rc2 42.h3 Rb2
43.Kg1 Rb4 44.Kf2 a4 45.g4+ Ke4 46.Ke2 Kd4 47.Kd2 b5 48.Kc2 Rb3 49.Rg7 Rxh3
50.Rxg5 Rh2+ 51.Kb1 b4 52.Rf5 a3 53.Rf4+ Kc5 54.Rf5+ Kc4 55.Rf4+ Kb5 56.Rf7

[Event "11. Senioren Team Europameiste"]
[Site "Velden - Casino"]
[Date "2009.04.06"]
[Round "2"]
[Board "1"]
[White "Baumbach, Friedrich"]
[Black "Perman, Torvald"]
[Result "1/2-1/2"]
[WhiteElo "2280"]
[BlackElo "2048"]
[PlyCount "136"]
[EventDate "2009.04.05"]
[EventType "team"]
[EventRounds "9"]
[EventCountry "AUT"]
[WhiteTeam "Berlin"]
[BlackTeam "Turku"]

1.d4 Nf6 2.c4 e6 3.Nf3 b6 4.g3 Bb7 5.Bg2 Bb4+ 6.Bd2 Bxd2+ 7.Nbxd2 O-O 8.Qc2 c5
9.e4 Qc7 10.O-O cxd4 11.Nxd4 a6 12.Rad1 Nc6 13.Nxc6 Qxc6 14.Rfe1 Rac8 15.Qd3
Rfd8 16.b3 d6 17.Bf3 Qc7 18.Nf1 h5 19.h4 Bc6 20.Qe3 Qb7 21.Qf4 b5 22.cxb5 axb5
23.Rd2 Rd7 24.Bg2 Rcd8 25.f3 Qa7+ 26.Qe3 Kf8 27.Qxa7 Rxa7 28.Rc1 Ba8 29.Ne3 Ke7
30.Bf1 Rb8 31.Rc3 d5 32.exd5 Nxd5 33.Nxd5+ Bxd5 34.Kf2 b4 35.Rcc2 Rba8 36.Bb5
Kd6 37.Ke3 Rc7 38.Rxc7 Kxc7 39.Kf4 f6 40.Bd3 g5+ 41.hxg5 fxg5+ 42.Kxg5 Rg8+
43.Bg6 Bxf3 44.Kf6 Bg4 45.Bf7 Ra8 46.Bxe6 Ra6 47.Rd7+ Kb8 48.Re7 Bxe6 49.Rxe6
Rxa2 50.Kg5 Ra5+ 51.Kf4 Kc7 52.Re4 Ra1 53.Rxb4 Rf1+ 54.Ke3 Kc6 55.Rf4 Re1+
56.Kf2 Re5 57.Kg2 Rb5 58.b4 Kd6 59.Kh3 Ke6 60.Kh4 Kd6 61.Re4 Rd5 62.Re8 Kd7
63.Rb8 Ke6 64.b5 Kf6 65.b6 Rb5 66.Kh3 Rb2 67.b7 Kg7 68.Kh4 Rb5

[Event "11. Senioren Team Europameiste"]
[Site "Velden - Casino"]
[Date "2009.04.06"]
[Round "2"]
[Board "2"]
[White "Palmo, Pentti"]
[Black "Rahls, Peter"]
[Result "0-1"]
[WhiteElo "2066"]
[BlackElo "2280"]
[PlyCount "54"]
[EventDate "2009.04.05"]
[EventType "team"]
[EventRounds "9"]
[EventCountry "AUT"]
[WhiteTeam "Turku"]
[BlackTeam "Berlin"]

1.e4 c5 2.c3 e6 3.d4 d5 4.e5 Nc6 5.Nf3 Nge7 6.a3 cxd4 7.cxd4 Nf5 8.b4 Bd7 9.Be2
Be7 10.O-O a6 11.Bb2 h5 12.Nbd2 g5 13.Nb3 g4 14.Ne1 Qb6 15.Rc1 Bg5 16.Rb1 Ke7
17.Nc5 Rag8 18.Nc2 Rg7 19.a4 g3 20.hxg3 h4 21.g4 Ng3 22.f4 h3 23.gxh3 Rxh3
24.Kg2 Rgh7 25.fxg5 Nxe2 26.Qxe2 Rh2+ 27.Kf3 R7h3+

[Event "11. Senioren Team Europameiste"]
[Site "Velden - Casino"]
[Date "2009.04.06"]
[Round "2"]
[Board "3"]
[White "Lieb, Harald"]
[Black "Lehtosaari, Kalevi"]
[Result "1-0"]
[WhiteElo "2247"]
[BlackElo "2031"]
[PlyCount "51"]
[EventDate "2009.04.05"]
[EventType "team"]
[EventRounds "9"]
[EventCountry "AUT"]
[WhiteTeam "Berlin"]
[BlackTeam "Turku"]

1.d4 d5 2.Nf3 g6 3.c4 c6 4.Nc3 Bg7 5.Bf4 Nf6 6.e3 O-O 7.h3 Nbd7 8.cxd5 Nxd5
9.Nxd5 cxd5 10.Bd3 f6 11.O-O Qb6 12.Bc2 e5 13.dxe5 Nxe5 14.Bb3 Kh8 15.Nd4 g5
16.Bg3 Nc4 17.Qe2 Re8 18.Bxc4 dxc4 19.Qxc4 Qxb2 20.Rab1 Qa3 21.Nb5 Qa6 22.Qb4
Bf8 23.Qb2 Bf5 24.Nc7 Qa5 25.Qxf6+ Bg7 26.Qxg5

[Event "11. Senioren Team Europameiste"]
[Site "Velden - Casino"]
[Date "2009.04.06"]
[Round "2"]
[Board "1"]
[White "Ghijsen, Pim"]
[Black "Westerinen, Heikki"]
[Result "1/2-1/2"]
[WhiteElo "2165"]
[BlackElo "2344"]
[PlyCount "51"]
[EventDate "2009.04.05"]
[EventType "team"]
[EventRounds "9"]
[EventCountry "AUT"]
[WhiteTeam "V.A.S. Amsterdam"]
[BlackTeam "Finland"]

1.d4 Nf6 2.Nf3 g6 3.g3 Bg7 4.Bg2 O-O 5.O-O d6 6.Nbd2 Nc6 7.c3 e5 8.dxe5 dxe5
9.Qc2 Qe7 10.e4 b6 11.Re1 Bb7 12.Nf1 Rad8 13.Ne3 h6 14.Nd2 Qe6 15.Qb3 Ne7
16.Qxe6 fxe6 17.Nec4 Ne8 18.Bh3 Kf7 19.Nf3 Nc6 20.Be3 Nd6 21.Nfd2 b5 22.Na3 a6
23.Bg2 Rd7 24.Nb3 Ra8 25.Nc5 Rdd8 26.Bh3

[Event "11. Senioren Team Europameiste"]
[Site "Velden - Casino"]
[Date "2009.04.06"]
[Round "2"]
[Board "2"]
[White "Kanko, Ilkka"]
[Black "Kool, Gerard"]
[Result "1-0"]
[WhiteElo "2234"]
[BlackElo "2164"]
[PlyCount "72"]
[EventDate "2009.04.05"]
[EventType "team"]
[EventRounds "9"]
[EventCountry "AUT"]
[WhiteTeam "Finland"]
[BlackTeam "V.A.S. Amsterdam"]

1.d4 Nf6 2.c4 e6 3.Nf3 b6 4.e3 Bb7 5.Bd3 Be7 6.O-O O-O 7.Nc3 d5 8.cxd5 exd5 9.b3
Nbd7 10.Bb2 Ne4 11.Qe2 Bf6 12.Rac1 c5 13.Ba6 Qc8 14.Bxb7 Qxb7 15.Rfd1 Nxc3
16.Bxc3 Rfe8 17.dxc5 Bxc3 18.Rxc3 bxc5 19.Qd2 Qb4 20.Rc2 Rac8 21.Qxd5 Nb6 22.Qf5
g6 23.Qf6 Re6 24.Qc3 Qg4 25.h3 Qh5 26.Rcd2 Ree8 27.Qf6 Qh6 28.a4 Qf8 29.a5 Na8
30.Rd7 Re6 31.Qh4 h6 32.Rxa7 g5 33.Qh5 Rc7 34.Rd7 Rxd7 35.Rxd7 Rd6 36.Qg4 Qb8

[Event "11. Senioren Team Europameiste"]
[Site "Velden - Casino"]
[Date "2009.04.06"]
[Round "2"]
[Board "4"]
[White "Kivipelto, Kaj-Erik"]
[Black "Holsteijn, Gerrit"]
[Result "1-0"]
[WhiteElo "2219"]
[BlackElo "1994"]
[PlyCount "95"]
[EventDate "2009.04.05"]
[EventType "team"]
[EventRounds "9"]
[EventCountry "AUT"]
[WhiteTeam "Finland"]
[BlackTeam "V.A.S. Amsterdam"]

1.Nf3 Nf6 2.g3 d5 3.c4 dxc4 4.Qa4+ Nc6 5.Qxc4 e5 6.Nc3 Be6 7.Qa4 Qd7 8.Bg2 Be7
9.O-O Nd5 10.d3 Nb6 11.Qc2 h6 12.a3 Bf6 13.Ne4 Bd5 14.Nxf6+ gxf6 15.Be3 Qe6
16.b4 Bb3 17.Qb2 Ba4 18.Rfc1 Nd5 19.b5 Na5 20.Bd2 Nb3 21.Rc4 Bxb5 22.Qxb3 Bxc4
23.Qxc4 c6 24.Rb1 b5 25.Qc5 a5 26.Ne1 b4 27.axb4 axb4 28.Bxb4 Kd7 29.Bd2 Rhb8
30.Rxb8 Rxb8 31.Qa7+ Kc8 32.Qa2 h5 33.h4 Kb7 34.Nc2 Ra8 35.Qc4 f5 36.Nb4 Nxb4
37.Qxe6 fxe6 38.Bxb4 Kc7 39.Bf3 Rh8 40.Bc5 Kd7 41.e3 Rh7 42.Kf1 Rh8 43.Ke2 Rh7
44.Kd2 Rh8 45.Kc3 Rh7 46.Kc4 Rh8 47.Bb4 Ke8 48.Bd6

[Event "11. Senioren Team Europameiste"]
[Site "Velden - Casino"]
[Date "2009.04.06"]
[Round "2"]
[Board "1"]
[White "Bachmann, Karlheinz"]
[Black "Nagorni, Walter"]
[Result "1-0"]
[WhiteElo "2274"]
[BlackElo "2127"]
[PlyCount "93"]
[EventDate "2009.04.05"]
[EventType "team"]
[EventRounds "9"]
[EventCountry "AUT"]
[WhiteTeam "SF Katernberg 1913 e.V."]
[BlackTeam "Widukind"]

1.c4 c5 2.Nf3 g6 3.Nc3 Bg7 4.g3 Nc6 5.Bg2 e5 6.O-O Nge7 7.a3 O-O 8.Ne1 d6 9.Nc2
Be6 10.Nd5 f5 11.d3 h6 12.b4 Bxd5 13.cxd5 Nd4 14.bxc5 Nb3 15.cxd6 Qxd6 16.Rb1
Nxc1 17.Qxc1 Rac8 18.Qd2 Nxd5 19.Rxb7 Nc3 20.Re1 Qc5 21.Qe3 a5 22.Kf1 Nb5
23.Qxc5 Rxc5 24.Rb1 Nc3 25.R1b6 Rf7 26.Rxf7 Kxf7 27.Rc6 Rxc6 28.Bxc6 Ke7 29.Ne3
e4 30.dxe4 Nxe4 31.Bxe4 fxe4 32.f3 exf3 33.exf3 Ke6 34.Ke2 Bf8 35.Nc4 h5 36.Kd3
Bc5 37.a4 Bb4 38.Ke4 Be1 39.f4 Kf6 40.Ne5 h4 41.g4 h3 42.g5+ Kg7 43.Kf3 Bd2
44.Kg4 Bc1 45.Nc4 Kf7 46.Nxa5 Ke6 47.Nc6

[Event "11. Senioren Team Europameiste"]
[Site "Velden - Casino"]
[Date "2009.04.06"]
[Round "2"]
[Board "2"]
[White "Grabitz, Georg"]
[Black "Rosen, Willy"]
[Result "1/2-1/2"]
[WhiteElo "2082"]
[BlackElo "2290"]
[PlyCount "53"]
[EventDate "2009.04.05"]
[EventType "team"]
[EventRounds "9"]
[EventCountry "AUT"]
[WhiteTeam "Widukind"]
[BlackTeam "SF Katernberg 1913 e.V."]

1.d4 Nf6 2.Nf3 e6 3.e3 c5 4.Bd3 b6 5.O-O Bb7 6.c4 Be7 7.Nc3 O-O 8.d5 exd5 9.cxd5
d6 10.e4 Nbd7 11.h3 a6 12.a4 Ne8 13.Bf4 Qc7 14.Nd2 Ne5 15.Nc4 Bf6 16.Bxe5 Bxe5
17.Qb3 Rb8 18.Qxb6 Qe7 19.Nxe5 Qxe5 20.Qb3 Nf6 21.Qc2 Bc8 22.b3 Re8 23.Rae1 g5
24.f3 Nh5 25.Ne2 Nf4 26.Nxf4 gxf4 27.Rf2

[Event "11. Senioren Team Europameiste"]
[Site "Velden - Casino"]
[Date "2009.04.06"]
[Round "2"]
[Board "3"]
[White "Nautsch, Werner"]
[Black "Perk, Egbert"]
[Result "1-0"]
[WhiteElo "2273"]
[BlackElo "2066"]
[PlyCount "135"]
[EventDate "2009.04.05"]
[EventType "team"]
[EventRounds "9"]
[EventCountry "AUT"]
[WhiteTeam "SF Katernberg 1913 e.V."]
[BlackTeam "Widukind"]

1.e4 d6 2.Nc3 g6 3.g3 Bg7 4.Bg2 c6 5.Nge2 Nf6 6.O-O O-O 7.d4 e5 8.d5 cxd5 9.Nxd5
Nxd5 10.Qxd5 Qe7 11.Rd1 Rd8 12.c4 Be6 13.Qd3 Nc6 14.b3 Bf8 15.Be3 Qc7 16.Nc3 a6
17.Rac1 Qb8 18.Bb6 Re8 19.Nd5 Bxd5 20.cxd5 Nb4 21.Qd2 a5 22.a3 Na6 23.Qxa5 Nc5
24.Qb4 Na6 25.Qb5 Rc8 26.b4 Bh6 27.Ra1 Rc3 28.a4 Qc8 29.Rdb1 Nc7 30.Qe2 Ne8
31.a5 Nf6 32.Qb2 Rc2 33.Qa3 Rc3 34.Rb3 Rc2 35.b5 Qc4 36.Bf1 Qc8 37.Re1 Nd7
38.Be3 Bxe3 39.Rbxe3 Qc5 40.Rb1 Qxa3 41.Rxa3 Nc5 42.a6 b6 43.Re3 Ra7 44.Bh3 Rc4
45.Bg2 Kg7 46.Kf1 f6 47.Ke1 Kf7 48.Kd1 Ke7 49.h4 g5 50.Kd2 Rd4+ 51.Ke2 Rc4
52.hxg5 fxg5 53.Rh1 Kf8 54.Rh6 Rb4 55.Rxd6 Rxb5 56.Rf3+ Kg7 57.Rf5 h6 58.Rxe5
Rxa6 59.Re7+ Kf8 60.Rc7 Ra2+ 61.Kf3 Rb3+ 62.Kg4 Ra8 63.Rxh6 Kg8 64.Rg6+ Kf8
65.Kxg5 Rb2 66.Rf6+ Ke8 67.d6 Re2 68.Re7+

[Event "11. Senioren Team Europameiste"]
[Site "Velden - Casino"]
[Date "2009.04.06"]
[Round "2"]
[Board "4"]
[White "Hentzschel, Erhard"]
[Black "Neese, Hans-Joachim"]
[Result "0-1"]
[WhiteElo "1937"]
[BlackElo "2200"]
[PlyCount "154"]
[EventDate "2009.04.05"]
[EventType "team"]
[EventRounds "9"]
[EventCountry "AUT"]
[WhiteTeam "Widukind"]
[BlackTeam "SF Katernberg 1913 e.V."]

1.e4 c5 2.Nf3 d6 3.d4 cxd4 4.Bb5+ Nd7 5.Nxd4 Ngf6 6.Nc3 a6 7.Bxd7+ Bxd7 8.O-O b5
9.Re1 e6 10.Bg5 Be7 11.e5 dxe5 12.Rxe5 h6 13.Bh4 O-O 14.Qf3 Rc8 15.Rd1 Qc7
16.Nf5 Bc6 17.Nxe7+ Qxe7 18.Bxf6 Qxf6 19.Qxf6 gxf6 20.Re2 Rfd8 21.Red2 Rxd2
22.Rxd2 Kf8 23.a3 Ke7 24.Ne2 Rg8 25.g3 Rg5 26.c3 e5 27.f4 Rg8 28.Kf2 h5 29.h4
Rc8 30.Rd3 Ke6 31.Ke3 Bg2 32.Kf2 Be4 33.Rd2 Bf5 34.Ke3 Ke7 35.Rd5 Be6 36.Rd2 Rc4
37.Rd3 Bg4 38.Rd2 Ke6 39.Nc1 a5 40.Nd3 Bf5 41.Nf2 b4 42.axb4 axb4 43.cxb4 Rxb4
44.Nd1 Bg4 45.Nc3 Kf5 46.Rf2 Ke6 47.Rd2 Rb3 48.Ke4 Bh3 49.Ke3 Kf5 50.fxe5 fxe5
51.Kf2 Kg6 52.Re2 f6 53.Ne4 Bg4 54.Rd2 Rf3+ 55.Kg2 Rb3 56.Nc5 Rb5 57.Nd3 Kf7
58.Nf2 Be6 59.Nd1 f5 60.Nc3 Rb4 61.Kf2 f4 62.Re2 Bg4 63.Rd2 Ke6 64.gxf4 Rxf4+
65.Kg2 Bf5 66.Nb5 Rg4+ 67.Kf2 Rxh4 68.Nc7+ Kf6 69.Nd5+ Kg5 70.b4 Be6 71.Nc7 Rf4+
72.Ke3 Bg4 73.Rd5 Kf5 74.b5 Rb4 75.Rd8 Rb3+ 76.Kf2 h4 77.Rf8+ Ke4

[Event "11. Senioren Team Europameiste"]
[Site "Velden - Casino"]
[Date "2009.04.06"]
[Round "2"]
[Board "2"]
[White "Feller, Josy"]
[Black "Fernengel, Rudolf"]
[Result "1/2-1/2"]
[WhiteElo "2214"]
[BlackElo "1736"]
[PlyCount "62"]
[EventDate "2009.04.05"]
[EventType "team"]
[EventRounds "9"]
[EventCountry "AUT"]
[WhiteTeam "Luxemburg"]
[BlackTeam "Stiftung Bahn-Sozialwerk/DBAG II"]

1.e4 d6 2.d4 c6 3.Nc3 Nd7 4.Nf3 g6 5.Bc4 Nb6 6.Bb3 Bg7 7.Be3 Nf6 8.Qd2 Qc7 9.Bh6
O-O 10.Bxg7 Kxg7 11.h4 h5 12.Ng5 d5 13.e5 Nh7 14.Nd1 Nxg5 15.hxg5 f6 16.gxf6+
exf6 17.f4 fxe5 18.fxe5 Be6 19.Ne3 Qe7 20.O-O-O Qg5 21.Rdf1 Rxf1+ 22.Rxf1 Rf8
23.Rxf8 Kxf8 24.c3 Qf4 25.Bc2 g5 26.b3 h4 27.Qe1 Kg7 28.Kd2 Kh6 29.Qe2 g4 30.Ke1
Kg5 31.Qd3 Qe4

[Event "11. Senioren Team Europameiste"]
[Site "Velden - Casino"]
[Date "2009.04.06"]
[Round "2"]
[Board "1"]
[White "Hoehm, Walter Dr"]
[Black "Bergen, Peter"]
[Result "0-1"]
[WhiteElo "2035"]
[BlackElo "2170"]
[PlyCount "46"]
[EventDate "2009.04.05"]
[EventType "team"]
[EventRounds "9"]
[EventCountry "AUT"]
[WhiteTeam "USV Halle"]
[BlackTeam "ESV ASKOE ADMIRA VILLACH"]

1.e4 e5 2.Nf3 Nc6 3.Bc4 Nf6 4.Ng5 d5 5.exd5 Na5 6.d3 h6 7.Nf3 Bd6 8.Nc3 O-O
9.Be3 a6 10.a3 e4 11.Nd2 Bg4 12.Qc1 b5 13.Ba2 exd3 14.cxd3 Re8 15.Nde4 Bf5 16.f3
b4 17.Nxf6+ Qxf6 18.axb4 Qh4+ 19.Kf1 Bxd3+ 20.Kg1 Qxb4 21.Bf2 Rab8 22.Bb1 Bxb1
23.Qxb1 Nc4

[Event "11. Senioren Team Europameiste"]
[Site "Velden - Casino"]
[Date "2009.04.06"]
[Round "2"]
[Board "2"]
[White "Turian, Hans"]
[Black "Kirmas, Joachim"]
[Result "1/2-1/2"]
[WhiteElo "2043"]
[BlackElo "2134"]
[PlyCount "59"]
[EventDate "2009.04.05"]
[EventType "team"]
[EventRounds "9"]
[EventCountry "AUT"]
[WhiteTeam "ESV ASKOE ADMIRA VILLACH"]
[BlackTeam "USV Halle"]

1.d4 Nf6 2.Nf3 g6 3.Bg5 Bg7 4.Nbd2 O-O 5.e4 d6 6.c3 Nbd7 7.Be2 c5 8.O-O h6 9.Bh4
Nh5 10.Re1 Nf4 11.Bf1 a6 12.a4 Rb8 13.e5 dxe5 14.dxe5 b5 15.axb5 axb5 16.Bg3 Ne6
17.Qe2 Qb6 18.Nh4 Rb7 19.Qe3 c4 20.f4 Qxe3+ 21.Rxe3 Nxf4 22.Bxf4 g5 23.Bg3 gxh4
24.Bf4 Nc5 25.Nf3 Ne6 26.Re4 Rd7 27.Be3 h3 28.Re1 Rfd8 29.Bb6 Rf8 30.Be3

[Event "11. Senioren Team Europameiste"]
[Site "Velden - Casino"]
[Date "2009.04.06"]
[Round "2"]
[Board "4"]
[White "Kummer, Heinz"]
[Black "Reinemann, Guenter"]
[Result "1/2-1/2"]
[WhiteElo "1857"]
[BlackElo "1968"]
[PlyCount "23"]
[EventDate "2009.04.05"]
[EventType "team"]
[EventRounds "9"]
[EventCountry "AUT"]
[WhiteTeam "ESV ASKOE ADMIRA VILLACH"]
[BlackTeam "USV Halle"]

1.e4 e6 2.d4 d5 3.Nc3 dxe4 4.Nxe4 Nd7 5.Nf3 Ngf6 6.Nxf6+ Nxf6 7.Bd3 Be7 8.O-O
O-O 9.c3 b6 10.Bg5 Bb7 11.Bxf6 Bxf6 12.Re1

[Event "11. Senioren Team Europameiste"]
[Site "Velden - Casino"]
[Date "2009.04.06"]
[Round "2"]
[Board "1"]
[White "Jamieson, Peter M"]
[Black "Van, Geffen Ben"]
[Result "1/2-1/2"]
[WhiteElo "2288"]
[BlackElo "2134"]
[PlyCount "34"]
[EventDate "2009.04.05"]
[EventType "team"]
[EventRounds "9"]
[EventCountry "AUT"]
[WhiteTeam "Scotland"]
[BlackTeam "Oranjeteam"]

1.d4 Nf6 2.c4 g6 3.Nc3 d5 4.e3 Bg7 5.Nf3 O-O 6.Qb3 c6 7.Be2 dxc4 8.Bxc4 b5 9.Be2
Be6 10.Qc2 b4 11.Na4 Bf5 12.Bd3 Bxd3 13.Qxd3 Qa5 14.Nc5 Nfd7 15.Nb3 Qa6 16.Qxa6
Nxa6 17.O-O c5

[Event "11. Senioren Team Europameiste"]
[Site "Velden - Casino"]
[Date "2009.04.06"]
[Round "2"]
[Board "4"]
[White "Rost, Van Tonningen Otto"]
[Black "Flockhart, Hugh"]
[Result "1-0"]
[WhiteElo "2049"]
[BlackElo "1895"]
[PlyCount "86"]
[EventDate "2009.04.05"]
[EventType "team"]
[EventRounds "9"]
[EventCountry "AUT"]
[WhiteTeam "Oranjeteam"]
[BlackTeam "Scotland"]

1.Nc3 d6 2.g3 g6 3.Bg2 Bg7 4.Nf3 Nf6 5.e4 e5 6.O-O O-O 7.d3 Nc6 8.h3 h6 9.Be3
Kh7 10.Kh2 Be6 11.d4 Bd7 12.dxe5 dxe5 13.Bc5 Re8 14.Qe2 a6 15.Rad1 Qc8 16.Nh4
Be6 17.f4 exf4 18.gxf4 Nd7 19.Be3 Nb6 20.Qf2 Rg8 21.e5 f6 22.Be4 f5 23.Bg2 g5
24.fxg5 Bxe5+ 25.Kh1 hxg5 26.Nxf5 Bxf5 27.Qxf5+ Qxf5 28.Rxf5 Raf8 29.Rxg5 Rxg5
30.Bxg5 Rf2 31.Be3 Rf8 32.Bxb6 cxb6 33.Rd7+ Kh6 34.Rxb7 Bd4 35.Bxc6 Rf1+ 36.Kg2
Rf2+ 37.Kg3 Rxc2 38.Be4 Rxb2 39.Kg4 Bg7 40.Nd5 a5 41.Ne3 Rxa2 42.Rxb6+ Bf6
43.Rxf6+ Kg7

[Event "11. Senioren Team Europameiste"]
[Site "Velden - Casino"]
[Date "2009.04.06"]
[Round "2"]
[Board "1"]
[White "James, Geoffrey H"]
[Black "Mujunen, Martti"]
[Result "1/2-1/2"]
[WhiteElo "2199"]
[BlackElo "2155"]
[PlyCount "66"]
[EventDate "2009.04.05"]
[EventType "team"]
[EventRounds "9"]
[EventCountry "AUT"]
[WhiteTeam "England 1"]
[BlackTeam "Helsinki 2"]

1.e4 e5 2.Nf3 Nc6 3.Bc4 Nf6 4.d3 h6 5.O-O g6 6.Nc3 Bg7 7.a3 O-O 8.b4 d6 9.h3 Qe7
10.b5 Nd8 11.Be3 Be6 12.Ba2 Kh7 13.Qd2 Bxa2 14.Rxa2 Ne6 15.Re1 Nh5 16.Nd5 Qd8
17.g4 c6 18.bxc6 bxc6 19.Nb4 Nhf4 20.Kh2 Qc7 21.d4 Ng5 22.Nxg5+ hxg5 23.d5 cxd5
24.Nxd5 Qc4 25.Rb2 Rab8 26.Rb4 Rxb4 27.Qxb4 Qxc2 28.Qb1 Rc8 29.Qb7 Nxd5 30.Qxd5
Qc4 31.Qxc4 Rxc4 32.Bxa7 Ra4 33.Bb8 Rxa3